Представление документа в формате MARC21

Поле Инд. ПП Название Значение
Тип записи a
Библиографический уровень b
001 Контрольный номер RU/IS/BASE/127410731
005 Дата корректировки 20200615073624.3
084 a Индекс другой классификации/Индекс ББК 88.503
a Индекс другой классификации/Индекс ББК 88.3-71
100 1_ a Автор Ситкарев Г. Т.
245 10 a Заглавие Исходные психологические типы людей
504 a Библиография Библиогр. в конце статьи
650 04 a Основная рубрика психология
a Основная рубрика психология личности
a Основная рубрика социальная психология
653 0_ a Ключевые слова диалектический подход
a Ключевые слова исходные психологические типы
a Ключевые слова психотипы
a Ключевые слова соционика
a Ключевые слова типообразующий признак
773 18 t Заглавие источника Соционика, психология и межличностные отношения: человек, коллектив, общество
d Дата издания источника 2003
g Прочая информация № 8. - С. 20 - 27 : табл.
w Контрольный № источника RU/IS/BASE/126629262
901 t Тип документа b